| 000 | 00488nam a2200157 a 4500 | ||
|---|---|---|---|
| 001 | 000029193 | ||
| 005 | 20200930055404.0 | ||
| 008 | 110414s1984 dr 000 0 spa d | ||
| 040 |
_aDO-SdBNP _bspa _cBNPHU |
||
| 082 |
_axxx _bV622h |
||
| 100 | 1 |
_aViñas Román, Jaime A. _923796 |
|
| 245 | 1 | 0 |
_aHomenaje a Pedro Henríquez Ureña / _cJaime A. Viñas Román. |
| 260 |
_aSanto Domingo : _bUniversidad Nacional Pedro Henríquez Urenña, _c1984. |
||
| 300 |
_a18 p. ; _c21 cm. |
||
| 049 | _aBNPD | ||
| 999 |
_c28685 _d28685 |
||